Sports Quiz

Random Sports Quiz

150 RBIs, 40 Homers, .300 Average Quiz Stats

Quiz not verified by Sporcle

Challenge
Share
Tweet
Embed
Score 0/30 Timer 10:00
0 Plays Today
Year Name % Correct
1921Babe Ruth
98.9%
1927Babe Ruth
98.9%
1931Babe Ruth
98.9%
1929Babe Ruth
98.9%
1926Babe Ruth
98.9%
1930Babe Ruth
98.9%
1931Lou Gehrig
96.6%
1927Lou Gehrig
96.6%
1930Lou Gehrig
96.6%
1934Lou Gehrig
96.6%
1936Lou Gehrig
96.6%
2007Alex Rodriguez
92%
1938Jimmie Foxx
90.9%
1932Jimmie Foxx
90.9%
1933Jimmie Foxx
90.9%
Year Name % Correct
1949Ted Williams
90.9%
2001Sammy Sosa
85.2%
1998Sammy Sosa
85.2%
1937Joe Dimaggio
84.1%
1930Hack Wilson
76.1%
1922Rogers Hornsby
76.1%
1937Hank Greenberg
70.5%
1999Manny Ramirez
70.5%
1940Hank Greenberg
70.5%
1998Juan Gonzalez
65.9%
1998Albert Belle
61.4%
1929Mel Ott
61.4%
1930Chuck Klein
52.3%
1996Andres Galarraga
39.8%
1936Hal Trosky
34.1%

You're not logged in!

Compare scores with friends on all Sporcle quizzes.
Sign Up with Email
OR
Log In

You Might Also Like...

Show Comments

Extras

Top Quizzes Today


Score Distribution

Your Account Isn't Verified!

In order to create a playlist on Sporcle, you need to verify the email address you used during registration. Go to your Sporcle Settings to finish the process.